[Event "Bled op 19th"]
[Site "Bled"]
[Date "1998.??.??"]
[Round "5"]
[White "Alexander, Paco"]
[Black "Kniest, Oliver"]
[Result "0-1"]
[WhiteElo "2180"]
[BlackElo "2300"]
[PlyCount "54"]
[EventDate "1998.03.21"]
[EventType "swiss"]
[EventRounds "9"]
[EventCountry "SLO"]
[SourceTitle "EXT 1999"]
[Source "ChessBase"]
[SourceDate "1998.11.16"]
[SourceVersion "1"]
[SourceVersionDate "1998.11.16"]
[SourceQuality "1"]

1. Nf3 d5 2. d4 c6 3. c4 e6 4. Nc3 dxc4 5. a4 Bb4 6. e3 b5 7. Bd2 a5 8. axb5 Bxc3 9. Bxc3 cxb5 10. b3 Bb7 11. bxc4 b4 12. Bb2 Nf6 13. Bd3 Nbd7 14. 0-0 0-0 15. Re1 Re8 16. e4 e5 17. dxe5 Ng4 18. e6 Rxe6 19. g3 Rd6 20. Qe2 Nc5 21. Bc2 Nd3 22. Bxd3 Rxd3 23. Nd4 Ne5 24. Red1 Rxd1+ 25. Rxd1 Qc7 26. Nf5 Qxc4 27. Qd2 Nf3+ 0-1

[Event "Bled op 19th"]
[Site "Bled"]
[Date "1998.??.??"]
[Round "7"]
[White "Rezonja, Stefan"]
[Black "Alexander, Paco"]
[Result "1/2-1/2"]
[WhiteElo "2195"]
[BlackElo "2180"]
[PlyCount "72"]
[EventDate "1998.03.21"]
[EventType "swiss"]
[EventRounds "9"]
[EventCountry "SLO"]
[SourceTitle "EXT 1999"]
[Source "ChessBase"]
[SourceDate "1998.11.16"]
[SourceVersion "1"]
[SourceVersionDate "1998.11.16"]
[SourceQuality "1"]

1. e4 c5 2. Nf3 d6 3. d4 cxd4 4. Qxd4 Nc6 5. Bb5 Nf6 6. e5 Qa5+ 7. Nc3 Qxb5 8. Nxb5 Nxd4 9. Nfxd4 dxe5 10. Nc7+ Kd7 11. Nxa8 exd4 12. Bf4 Nd5 13. Bb8 b6 14. 0-0-0 Bb7 15. c4 dxc3 16. Nc7 cxb2+ 17. Kxb2 Kc8 18. Nxd5 Kxb8 19. Nb4 g6 20. Kb3 Bg7 21. Rc1 Bxg2 22. Rhd1 a5 23. Na6+ Kb7 24. Nc7 Bc6 25. Nd5 a4+ 26. Ka3 Rd8 27. Rxc6 Kxc6 28. Nxe7+ Kc7 29. Nd5+ Kb7 30. Kxa4 Be5 31. h3 Rc8 32. Nb4 Rc7 33. f3 f5 34. Rd3 h5 35. Kb3 Re7 36. Nd5 Rd7 1/2-1/2

[Event "Cannes op-B 18th"]
[Site "Cannes"]
[Date "1997.??.??"]
[Round "9"]
[White "Alexander, Paco"]
[Black "Krstic, Uros"]
[Result "1/2-1/2"]
[WhiteElo "2215"]
[BlackElo "2270"]
[PlyCount "23"]
[EventDate "1997.02.22"]
[EventType "swiss"]
[EventRounds "9"]
[EventCountry "FRA"]
[SourceTitle "CBM 057 Extra"]
[Source "ChessBase"]
[SourceDate "1997.05.01"]
[SourceVersion "1"]
[SourceVersionDate "1997.05.01"]
[SourceQuality "1"]

1. d4 Nf6 2. c4 g6 3. Nc3 Bg7 4. e4 d6 5. Nf3 0-0 6. Be2 e5 7. 0-0 Nc6 8. d5 Ne7 9. Ne1 Nd7 10. Be3 f5 11. f3 Nf6 12. a4 1/2-1/2

[Event "Corsica rap op"]
[Site "Corsica"]
[Date "1997.??.??"]
[Round "7"]
[White "Komljenovic, Davorin"]
[Black "Alexander, Paco"]
[Result "0-1"]
[WhiteElo "2445"]
[BlackElo "2195"]
[PlyCount "46"]
[EventDate "1997.??.??"]
[EventType "swiss (rapid)"]
[EventRounds "9"]
[EventCountry "FRA"]
[SourceTitle "EXT 1999"]
[Source "ChessBase"]
[SourceDate "1998.11.16"]
[SourceVersion "1"]
[SourceVersionDate "1998.11.16"]
[SourceQuality "1"]

1. c4 c6 2. d4 d5 3. Nf3 Nf6 4. Nc3 e6 5. Bg5 Nbd7 6. cxd5 exd5 7. e3 Be7 8. Bd3 0-0 9. 0-0 Re8 10. Qc2 Nf8 11. Ne5 Ng4 12. Bxe7 Qxe7 13. Nf3 Ng6 14. a3 Nf6 15. b4 Ne4 16. b5 Bg4 17. Nd2 Nxd2 18. Qxd2 Nh4 19. Kh1 Nf3 20. Qd1 Nxh2 21. Be2 Qh4 22. Kg1 Bxe2 23. Qxe2 Ng4 0-1